|
|
|
|
| LEADER |
01316nam a2200313 a 4500 |
| 001 |
4926156 |
| 003 |
BD-DhAAL |
| 008 |
090730s1996 enka b 001 0 eng d |
| 999 |
|
|
|c 2923
|d 2923
|
| 010 |
|
|
|a 95035332
|
| 020 |
|
|
|a 0521445272 (hardback)
|
| 040 |
|
|
|a DLC
|c DLC
|d DLC
|d BD-DhAAL
|
| 082 |
0 |
0 |
|a 828.802
|2 20
|
| 100 |
1 |
|
|a Kipling, Rudyard,
|d 1865-1936.
|9 28386
|
| 240 |
1 |
0 |
|a Selections.
|f 1995
|
| 245 |
1 |
0 |
|a Writings on writing /
|c by Rudyard Kipling ; edited by Sandra Kemp and Lisa Lewis.
|
| 260 |
|
|
|a Cambridge [England] ;
|a New York, NY, USA :
|b Cambridge University Press,
|c 1996.
|
| 300 |
|
|
|a xxviii, 213 pages :
|b illustrations ;
|c 24 cm.
|
| 504 |
|
|
|a Includes bibliographical references (pages 160-203) and index.
|
| 541 |
1 |
|
|e 00014467
|
| 600 |
1 |
0 |
|a Kipling, Rudyard,
|d 1865-1936
|x Quotations.
|9 28387
|
| 650 |
|
0 |
|a Literature
|x History and criticism
|x Theory, etc.
|9 28388
|
| 650 |
|
0 |
|a Literature
|x Quotations, maxims, etc.
|9 28389
|
| 650 |
|
0 |
|a Criticism
|x Quotations, maxims, etc.
|9 28390
|
| 700 |
1 |
|
|a Kemp, Sandra.
|9 28391
|
| 700 |
1 |
|
|a Lewis, Lisa.
|9 28392
|
| 852 |
4 |
|
|a Ayesha Abed Library
|j General Stacks
|
| 942 |
|
|
|2 ddc
|c BK
|
| 952 |
|
|
|0 0
|1 0
|2 ddc
|4 0
|6 828_802000000000000_KIP_1996
|7 0
|9 2653
|a BRACUL
|b BRACUL
|c GEN
|d 2006-02-27
|g 1365.00
|l 3
|m 27
|o 828.802 KIP
|p 3010014467
|r 2024-01-18
|s 2023-09-19
|t 1
|w 2009-07-30
|y BK
|